Statistics for Horror Villains

Click here to take the quiz!

General Stats

  • This quiz has been taken 32 times
  • The average score is 11 of 16

Answer Stats

Answer% Correct
Freddy Krueger
100%
Chucky
92%
Ghostface
88%
Michael Myers
88%
Pennywise
88%
Leatherface
84%
Candyman
80%
Hannibal Lecter
80%
Pinhead
76%
Jack Torrance
72%
Norman Bates
72%
Jason Voorhees
68%
Christine
48%
Annie Wilkes
36%
Pamela Voorhees
36%
Death
24%

Score Distribution

Percentile by Number Answered

Percent of People with Each Score

Your Score History

You have not taken this quiz